[Event "Mittelfranken Mitte-ch 1213"]
[Site "Zirndorf"]
[Date "2013.01.05"]
[Round "5"]
[White "Lais, Thomas"]
[Black "Knab, Reinhard"]
[Result "0-1"]
[WhiteElo "1878"]
[BlackElo "1806"]
[PlyCount "58"]
[EventDate "2013.01.03"]
[EventType "swiss"]
[EventRounds "7"]
[EventCountry "GER"]
[SourceTitle "EXT 2015"]
[Source "ChessBase"]
[SourceDate "2014.11.20"]
[SourceVersion "1"]
[SourceVersionDate "2014.11.20"]
[SourceQuality "1"]

1. e4 a6 2. d4 b5 3. Nf3 Bb7 4. Bd3 e6 5. 0-0 c5 6. c3 c4 7. Bc2 Nf6 8. e5 Nd5 9. Nbd2 f5 10. exf6 Nxf6 11. Ng5 Be7 12. Bxh7 Qc7 13. h3 Nc6 14. Bg6+ Kf8 15. Nde4 Nd8 16. Nxf6 Bxf6 17. Qg4 Bd5 18. Bf4 Qc6 19. Bc2 Ke7 20. Rfe1 Nf7 21. Nxf7 Kxf7 22. Re3 Raf8 23. Qg6+ Ke7 24. Be5 Kd8 25. a4 Kc8 26. Qg3 Bh4 27. axb5 Bxg3 28. bxc6 Bxf2+ 29. Kh2 Bxe3 0-1

[Event "Mittelfranken Mitte-ch 1213"]
[Site "Zirndorf"]
[Date "2013.01.04"]
[Round "1"]
[White "Lais, Thomas"]
[Black "Mantel, Ruben"]
[Result "1/2-1/2"]
[WhiteElo "1878"]
[BlackElo "1667"]
[PlyCount "107"]
[EventDate "2013.01.03"]
[EventType "swiss"]
[EventRounds "7"]
[EventCountry "GER"]
[SourceTitle "EXT 2015"]
[Source "ChessBase"]
[SourceDate "2014.11.20"]
[SourceVersion "1"]
[SourceVersionDate "2014.11.20"]
[SourceQuality "1"]

1. e4 c5 2. Nf3 Nc6 3. d4 cxd4 4. Nxd4 g6 5. c4 Bg7 6. Be3 d6 7. Nc3 Nf6 8. Be2 0-0 9. 0-0 Bd7 10. h3 Rc8 11. Qd2 a6 12. Rac1 Ne5 13. b3 Bc6 14. f4 Ned7 15. Bf3 Re8 16. Nxc6 bxc6 17. Rfd1 Qa5 18. Qf2 c5 19. Nd5 Nb8 20. Rc2 Nc6 21. Kh1 Qd8 22. Nxf6+ Bxf6 23. Bxc5 Qa5 24. Be3 Qb4 25. Rf1 a5 26. e5 Bg7 27. exd6 Qxd6 28. Rd1 Qc7 29. Rcd2 Red8 30. Rxd8+ Rxd8 31. Rxd8+ Nxd8 32. Bb6 Qd7 33. Be3 Nc6 34. Bxc6 Qxc6 35. Qd2 Qc7 36. Qd5 h6 37. c5 e6 38. Qd6 Qxd6 39. cxd6 Kf8 40. Bd2 a4 41. bxa4 Ke8 42. Bb4 Kd7 43. Kg1 g5 44. fxg5 hxg5 45. Kf2 Bd4+ 46. Kf3 f5 47. g3 e5 48. h4 g4+ 49. Kg2 f4 50. gxf4 exf4 51. a5 f3+ 52. Kg3 Be5+ 53. Kf2 Bd4+ 54. Kg3 1/2-1/2

[Event "Mittelfranken Mitte-ch 1213"]
[Site "Zirndorf"]
[Date "2013.01.04"]
[Round "3"]
[White "Weidenhoefer, Robert"]
[Black "Lais, Thomas"]
[Result "0-1"]
[WhiteElo "1479"]
[BlackElo "1878"]
[PlyCount "28"]
[EventDate "2013.01.03"]
[EventType "swiss"]
[EventRounds "7"]
[EventCountry "GER"]
[SourceTitle "EXT 2015"]
[Source "ChessBase"]
[SourceDate "2014.11.20"]
[SourceVersion "1"]
[SourceVersionDate "2014.11.20"]
[SourceQuality "1"]

1. e4 c5 2. Nf3 d6 3. Bc4 Nf6 4. d3 Nc6 5. 0-0 e6 6. Bf4 a6 7. a3 Be7 8. e5 dxe5 9. Nxe5 Na5 10. Ba2 Qd4 11. Bg3 Qxb2 12. Nd2 0-0 13. Bb3 Nxb3 14. Nec4 Qxa1 0-1

[Event "Mittelfranken-chTB1 1213"]
[Site "Germany"]
[Date "2012.12.02"]
[Round "4.4"]
[White "Lais, Thomas"]
[Black "Pannek, Matthias"]
[Result "1/2-1/2"]
[WhiteElo "1908"]
[BlackElo "1957"]
[PlyCount "43"]
[EventDate "2012.10.07"]
[EventType "team-tourn"]
[EventRounds "9"]
[EventCountry "GER"]
[SourceTitle "EXT 2019"]
[Source "ChessBase"]
[SourceDate "2018.10.10"]
[SourceVersion "1"]
[SourceVersionDate "2018.10.10"]
[SourceQuality "1"]
[WhiteTeam "Nuernberg Sued SW III"]
[BlackTeam "Nuernberg SK 1911"]
[WhiteTeamCountry "GER"]
[BlackTeamCountry "GER"]

1. e4 c5 2. Nf3 d6 3. d4 cxd4 4. Nxd4 Nf6 5. Nc3 g6 6. Be3 Bg7 7. f3 0-0 8. Qd2 Nc6 9. Bc4 Bd7 10. h4 Ne5 11. Bb3 Rc8 12. 0-0-0 h5 13. Bh6 Nc4 14. Bxc4 Rxc4 15. Bxg7 Kxg7 16. Kb1 Qa5 17. Nb3 Qc7 18. Nd5 Nxd5 19. exd5 Bf5 20. Nd4 Bd7 21. g4 Rh8 22. Qe2 1/2-1/2

[Event "Mittelfranken-chTB1 1213"]
[Site "Germany"]
[Date "2012.11.18"]
[Round "3.5"]
[White "Lais, Thomas"]
[Black "Belich, Walter"]
[Result "1-0"]
[WhiteElo "1908"]
[BlackElo "1903"]
[PlyCount "101"]
[EventDate "2012.10.07"]
[EventType "team-tourn"]
[EventRounds "9"]
[EventCountry "GER"]
[SourceTitle "EXT 2019"]
[Source "ChessBase"]
[SourceDate "2018.10.10"]
[SourceVersion "1"]
[SourceVersionDate "2018.10.10"]
[SourceQuality "1"]
[WhiteTeam "Nuernberg Sued SW III"]
[BlackTeam "Fuerth SZ"]
[WhiteTeamCountry "GER"]
[BlackTeamCountry "GER"]

1. e4 c5 2. Nf3 Nc6 3. d4 cxd4 4. Nxd4 Nf6 5. Nc3 e5 6. Ndb5 d6 7. Bg5 a6 8. Na3 b5 9. Nd5 Be6 10. c3 Be7 11. Bxf6 gxf6 12. Nc2 f5 13. exf5 Bxf5 14. Nce3 Bg6 15. a4 Rb8 16. axb5 axb5 17. Ra6 Qc8 18. Qa1 Bd8 19. Be2 0-0 20. 0-0 f5 21. Rd1 f4 22. Bg4 Qb7 23. Nf1 Bc2 24. Rd2 Ba4 25. Rxc6 Qxc6 26. Nb4 Qc4 27. Rxd6 Rf6 28. Nd2 Qf7 29. Rd7 Qg6 30. Qa2+ Kh8 31. Qd5 Qxg4 32. Rxd8+ Rxd8 33. Qxd8+ Kg7 34. Qe7+ Kg6 35. Qe8+ Kh6 36. Nf3 Qe6 37. Qb8 Qd6 38. Qxd6 Rxd6 39. h4 Rd1+ 40. Kh2 e4 41. Nd4 Rd2 42. b3 Bxb3 43. Nxb3 Rxf2 44. Kg1 Rb2 45. Nd4 Kh5 46. Nd5 Rb1+ 47. Kf2 e3+ 48. Kf3 Rf1+ 49. Ke4 Kg4 50. Nf5 Kh5 51. Nxf4+ 1-0

[Event "Nuremberg Zabo op 14th"]
[Site "Nuremberg"]
[Date "2012.09.14"]
[Round "1.26"]
[White "Lais, Thomas"]
[Black "Daumin, Jan"]
[Result "1-0"]
[WhiteElo "1910"]
[BlackElo "1491"]
[PlyCount "63"]
[EventDate "2012.09.14"]
[EventType "swiss"]
[EventRounds "5"]
[EventCountry "GER"]
[SourceTitle "EXT 2022"]
[Source "ChessBase"]
[SourceDate "2021.10.06"]
[SourceVersion "1"]
[SourceVersionDate "2021.10.06"]
[SourceQuality "1"]

1. e4 c6 2. d4 d5 3. exd5 cxd5 4. c4 Nf6 5. Nc3 dxc4 6. Bxc4 Bf5 7. Qb3 e6 8. Qxb7 Nbd7 9. Bf4 Qc8 10. Ba6 Nb6 11. Qxc8+ Rxc8 12. Bxc8 Nxc8 13. Nf3 Bb4 14. 0-0 Bd3 15. Rfc1 0-0 16. a3 Bxc3 17. bxc3 Nb6 18. Ne5 Ba6 19. c4 Rd8 20. Be3 Rc8 21. Rab1 h6 22. Rb4 Ne8 23. c5 Nd5 24. Ra4 Nec7 25. h3 f6 26. Nc4 Bxc4 27. Rcxc4 a6 28. Rc2 Kf7 29. Rb2 Nxe3 30. fxe3 Nd5 31. Rb7+ Kg6 32. Kf2 1-0

[Event "Nuremberg LGA Cup 9th"]
[Site "Nuremberg"]
[Date "2012.09.07"]
[Round "2"]
[White "Lais, Thomas"]
[Black "Kotz, Reinhard"]
[Result "0-1"]
[WhiteElo "1956"]
[BlackElo "2153"]
[PlyCount "46"]
[EventDate "2012.09.06"]
[EventType "swiss"]
[EventRounds "7"]
[EventCountry "GER"]
[SourceTitle "CBM 150 Extra"]
[Source "ChessBase"]
[SourceDate "2012.10.19"]
[SourceVersion "1"]
[SourceVersionDate "2012.10.19"]
[SourceQuality "1"]

1. e4 Nf6 2. e5 Nd5 3. d4 d6 4. Nf3 dxe5 5. Nxe5 c6 6. Bc4 Nd7 7. Nxd7 Bxd7 8. 0-0 g6 9. c3 Bg7 10. Qe2 0-0 11. Nd2 Re8 12. f4 Qc7 13. Ne4 e6 14. Qf2 Rac8 15. Bb3 Nf6 16. Nc5 b6 17. Nd3 Red8 18. Ne5 Be8 19. Qf3 Nd5 20. Nd3 a5 21. Bd2 c5 22. dxc5 bxc5 23. Bxd5 Rxd5 0-1